Úloha miest v regionálnom rozvoji Slovenska diplomová práca

Salvato in:
Dettagli Bibliografici
Autore principale: Zatkalík, Miroslav
Ente Autore: Národohospodárska fakulta EU. Katedra verejnej správy a regionálneho rozvoja
Altri autori: Ivaničková, Alžbeta
Natura: Libro
Lingua:slovacco
Pubblicazione: Bratislava 2015
Tags: Aggiungi Tag
Nessun Tag, puoi essere il primo ad aggiungerne!!

MARC

LEADER 00000nbm a2200000 4500
001 0202523
005 20161212095428.3
041 0 |a slo 
044 |a SK 
245 1 0 |a Úloha miest v regionálnom rozvoji Slovenska  |b diplomová práca  |c Miroslav Zatkalík ; školiteľ: Alžbeta Ivaničková 
264 1 |a Bratislava  |c 2015 
300 |a 69 s. 
100 1 |a Zatkalík, Miroslav 
700 1 |a Ivaničková, Alžbeta 
710 2 |a Národohospodárska fakulta EU. Katedra verejnej správy a regionálneho rozvoja